000 00310nam a2200133Ia 4500
005 20251222155152.0
008 251222s9999||||xx |||||||||||||| ||spa||
082 _aSOC. 16
100 _aPAREDES, Peri.
245 0 _aPobreza Urbana y Trabajo Femenino
250 _a1ra. ed.
264 _bSASSA
942 _cLIB
999 _c39604
_d39604